Creación y misterio

Збережено в:
Бібліографічні деталі
Автор: Jordan, Pascual (Автор)
Формат: Книга
Мова:Іспанська
Опубліковано: Pamplona EUNSA 1978
Серія:Colección Cultural de Bolsillo. Temas NT, 43
Предмети:
Теги: Додати тег
Немає тегів, Будьте першим, хто поставить тег для цього запису!

MARC

LEADER 00000nam a2200000 a 4500
001 UCZ6126
003 CL-VaPUC
008 951201e19780000SP |||||||||||||||||spa|d
082 0 4 |a 501  |b JOR  |2 21 
100 |a Jordan, Pascual  |e author  |9 580777 
245 1 0 |a Creación y misterio 
300 |a 167 p 
942 |c BK 
945 |d 19951201 00:00:00  |a cmena 
260 |a Pamplona  |b EUNSA  |c 1978 
650 0 |a Filosofía de las ciencias  |9 256466 
650 0 |a Ciencia  |9 255691 
650 7 |a FUTUROLOGIA  |2 CL-VaPUC  |9 328866 
650 0 |a Humanismo  |9 256530 
650 7 |a HOMBRE  |2 CL-VaPUC  |9 262149 
650 0 |a Cibernética  |9 270269 
650 0 |a Teoría del conocimiento   |9 255038 
583 |a last modification  |c 19951201 00:00:00  |k Rodrigo Vera 
490 0 |a Colección Cultural de Bolsillo. Temas NT, 43 
999 |c 242382  |d 242380 
952 |0 0  |1 0  |4 0  |6 501_000000000000000_JOR_1978  |7 0  |8 P  |9 255269  |a BIBEDU  |b BIBEDU  |c BIBEDU_PB  |d 2019-11-19  |i 1600133  |o 501 JOR 1978  |p 1600133  |r 2024-01-25  |w 2019-11-19  |y BK  |k FIL